00309nam a2200133Ia 4500008004100000100001500041245003100056250001200087260003200099300000800131650001400139942000700153999001500160190216s9999||||xx |||||||||||||| ||und|| aSinha. R.K 0aFiscal Federalism In India a1st Ed. bSterling Publicationsc1987 a394 aEconomics cBK c9787d9787